[Event "CRO-chT2 West"]
[Site "Rijeka"]
[Date "2012.03.18"]
[Round "2.42"]
[White "Matetic, Milovan"]
[Black "Zoricic, Marijan"]
[Result "1/2-1/2"]
[WhiteElo "1921"]
[BlackElo "2118"]
[PlyCount "58"]
[EventDate "2012.03.17"]
[EventType "team-tourn"]
[EventRounds "9"]
[EventCountry "CRO"]
[SourceTitle "EXT 2013"]
[Source "ChessBase"]
[SourceDate "2012.11.22"]
[SourceVersion "1"]
[SourceVersionDate "2012.11.22"]
[SourceQuality "1"]

1. e4 e6 2. d4 d5 3. e5 c5 4. c3 Qb6 5. Nf3 Nc6 6. Bd3 Bd7 7. dxc5 Bxc5 8. 0-0 Qc7 9. Qe2 Nge7 10. b4 Bb6 11. b5 Na5 12. Nbd2 Qxc3 13. Rb1 Ng6 14. g3 Qc5 15. Bb2 Qe7 16. h4 Qd8 17. Rbc1 Ne7 18. Ng5 h6 19. Nh3 Nf5 20. Nf4 Nxg3 21. Qg4 Qe7 22. Qxg3 g5 23. Nh5 gxh4 24. Qg4 Qg5 25. Nf6+ Kd8 26. Qxg5 hxg5 27. Nf3 g4 28. Ng5 Be8 29. Kg2 a6 1/2-1/2

[Event "CRO-chT2 West"]
[Site "Rijeka"]
[Date "2012.03.17"]
[Round "1.32"]
[White "Sercer, Zoran"]
[Black "Matetic, Milovan"]
[Result "1/2-1/2"]
[WhiteElo "2091"]
[BlackElo "1921"]
[PlyCount "112"]
[EventDate "2012.03.17"]
[EventType "team-tourn"]
[EventRounds "9"]
[EventCountry "CRO"]
[SourceTitle "EXT 2013"]
[Source "ChessBase"]
[SourceDate "2012.11.22"]
[SourceVersion "1"]
[SourceVersionDate "2012.11.22"]
[SourceQuality "1"]

1. e4 e5 2. Nf3 Nc6 3. d4 exd4 4. Nxd4 Nf6 5. Nc3 Bb4 6. Nxc6 bxc6 7. Bd3 d6 8. Bg5 0-0 9. 0-0 Bxc3 10. bxc3 Re8 11. f4 Qe7 12. Qf3 Bd7 13. Rae1 Rab8 14. h3 d5 15. Bxf6 Qxf6 16. e5 Qh4 17. f5 f6 18. e6 Bc8 19. Qe3 Qa4 20. Qc5 Rb6 21. g3 Ba6 22. e7 Bxd3 23. cxd3 d4 24. Rf4 Qxa2 25. Qxd4 Qd5 26. Qxd5+ cxd5 27. Ra4 a6 28. c4 dxc4 29. Rxc4 Rd6 30. Re3 c6 31. Ra4 c5 32. Ra5 Rc6 33. Ra4 Kf7 34. Rc4 Rxe7 35. Kf2 Rxe3 36. Kxe3 Ke7 37. Rh4 h6 38. Rg4 Kf7 39. Rc4 a5 40. Kd2 Ke7 41. Rg4 Kf7 42. Kc3 Ra6 43. Ra4 Ke7 44. Rg4 a4 45. Rxg7+ Kd6 46. Kb2 a3+ 47. Ka2 Ke5 48. Rc7 Kd4 49. g4 Kxd3 50. Rxc5 Ke4 51. Rc8 Rd6 52. Rh8 Rd2+ 53. Kb1 Rd1+ 54. Ka2 Rd2+ 55. Ka1 Rd1+ 56. Ka2 Rd2+ 1/2-1/2

[Event "Kastav op 13th"]
[Site "Kastav"]
[Date "2011.09.11"]
[Round "8"]
[White "Matetic, Milovan"]
[Black "Jerkovic, Maroje"]
[Result "1-0"]
[WhiteElo "1924"]
[BlackElo "1834"]
[PlyCount "59"]
[EventDate "2011.09.03"]
[EventType "swiss"]
[EventRounds "8"]
[EventCountry "CRO"]
[SourceTitle "EXT 2012"]
[Source "ChessBase"]
[SourceDate "2011.11.24"]
[SourceVersion "1"]
[SourceVersionDate "2011.11.24"]
[SourceQuality "1"]

1. f4 e5 2. e4 exf4 3. Nf3 g5 4. h4 g4 5. Ne5 Nf6 6. Nc3 d6 7. Nc4 Nxe4 8. Nxe4 d5 9. d3 dxe4 10. Bxf4 Bf5 11. Qe2 Qe7 12. Be5 f6 13. dxe4 Bg6 14. h5 fxe5 15. hxg6 h5 16. 0-0-0 Nc6 17. Kb1 Nd4 18. Qf2 0-0-0 19. c3 Nc6 20. Rxd8+ Qxd8 21. Be2 Bg7 22. Qf5+ Kb8 23. Rxh5 Ne7 24. Rxh8 Qxh8 25. Qf7 Nc8 26. a4 Nd6 27. Nxd6 cxd6 28. Bxg4 Bf6 29. Be6 Qg7 30. Qe8+ 1-0

[Event "Kastav ZNG111 op 10th"]
[Site "Kastav"]
[Date "2007.??.??"]
[Round "5"]
[White "Loncar, Robert"]
[Black "Matetic, Milovan"]
[Result "1-0"]
[WhiteElo "2419"]
[BlackElo "1979"]
[PlyCount "59"]
[EventDate "2007.01.10"]
[EventType "swiss"]
[EventRounds "7"]
[EventCountry "CRO"]
[SourceTitle "EXT 2023"]
[Source "ChessBase"]
[SourceDate "2022.10.05"]
[SourceVersion "1"]
[SourceVersionDate "2022.10.05"]
[SourceQuality "1"]

1. d4 d5 2. Nf3 Nf6 3. c4 e6 4. Nc3 Bb4 5. Qa4+ Nc6 6. Bg5 0-0 7. e3 a6 8. Be2 Bd7 9. Qc2 Re8 10. 0-0 dxc4 11. Bxc4 e5 12. dxe5 Nxe5 13. Nxe5 Rxe5 14. f4 Rc5 15. Bxf7+ Kxf7 16. Qb3+ Be6 17. Qxb4 Rc4 18. Qxb7 Rb8 19. Bxf6 gxf6 20. Qf3 Rxb2 21. f5 Bc8 22. Rad1 Rd2 23. Ne4 Rxd1 24. Rxd1 Qe7 25. Ng3 Rc5 26. Qh5+ Kg7 27. Qg4+ Kf7 28. e4 Rc4 29. Nh5 Kf8 30. Rd8+ 1-0

[Event "Kastav ZNG111 op 10th"]
[Site "Kastav"]
[Date "2007.??.??"]
[Round "2"]
[White "Matetic, Milovan"]
[Black "Lukenda, Tina"]
[Result "0-1"]
[WhiteElo "1979"]
[BlackElo "2107"]
[PlyCount "57"]
[EventDate "2007.01.10"]
[EventType "swiss"]
[EventRounds "7"]
[EventCountry "CRO"]
[SourceTitle "EXT 2023"]
[Source "ChessBase"]
[SourceDate "2022.10.05"]
[SourceVersion "1"]
[SourceVersionDate "2022.10.05"]
[SourceQuality "1"]

1. e4 c6 2. d4 d5 3. exd5 cxd5 4. c4 Nf6 5. Nc3 Nc6 6. Nf3 e6 7. Bg5 Be7 8. Rc1 0-0 9. a3 dxc4 10. Bxc4 a6 11. 0-0 b5 12. Bd3 Bb7 13. Bb1 Rc8 14. Qd3 g6 15. b4 Qb6 16. Rcd1 Rfd8 17. Rfe1 Rc7 18. Ne4 Nxe4 19. Rxe4 Rcd7 20. Be3 Bf6 21. Rf4 Bg7 22. Rh4 Ne7 23. Ng5 Nd5 24. Rg4 Nf6 25. Rg3 Nh5 26. Rg4 f5 27. d5 Qd6 28. Nxe6 fxg4 29. Nxd8 0-1

[Event "Kastav 7th"]
[Site "Kastav"]
[Date "2004.11.28"]
[Round "5"]
[White "Matetic, Milovan"]
[Black "Pahor, Andrea"]
[Result "1-0"]
[WhiteElo "2009"]
[BlackElo "2063"]
[PlyCount "91"]
[EventDate "2004.11.25"]
[EventType "tourn"]
[EventRounds "9"]
[EventCountry "CRO"]
[SourceTitle "CBM 103 Extra"]
[Source "ChessBase"]
[SourceDate "2005.01.01"]
[SourceVersion "1"]
[SourceVersionDate "2005.01.01"]
[SourceQuality "1"]

1. e4 c5 2. d4 cxd4 3. Nf3 Nc6 4. c3 d3 5. Bxd3 d5 6. exd5 Qxd5 7. 0-0 g6 8. c4 Qd8 9. Nc3 Bg7 10. h3 Nf6 11. Bf4 0-0 12. Qe2 Nh5 13. Bh2 e5 14. Rfd1 Nd4 15. Nxd4 exd4 16. Nd5 Bd7 17. Re1 Bc6 18. Ne7+ Kh8 19. Nxc6 bxc6 20. b4 a5 21. b5 c5 22. Qe7 Qxe7 23. Rxe7 f5 24. Bd6 Rfe8 25. Rae1 Rxe7 26. Rxe7 Bf8 27. Be5+ Kg8 28. Rc7 Re8 29. f4 Bh6 30. g3 g5 31. Bxf5 Rd8 32. Bd3 gxf4 33. b6 fxg3 34. b7 Be3+ 35. Kg2 Nf4+ 36. Bxf4 Bxf4 37. Rc8 Rf8 38. Rxc5 Rb8 39. Rf5 Bc7 40. Rb5 Rf8 41. Rb2 Bb8 42. c5 Re8 43. Rb6 Re3 44. Rc6 Ba7 45. Rc8+ Kg7 46. Ra8 1-0

[Event "Kastav op"]
[Site "Kastav"]
[Date "2004.06.04"]
[Round "1"]
[White "Paljusaj, Edmond"]
[Black "Matetic, Milovan"]
[Result "1-0"]
[WhiteElo "2187"]
[BlackElo "2037"]
[PlyCount "61"]
[EventDate "2004.06.04"]
[EventType "swiss"]
[EventRounds "5"]
[EventCountry "CRO"]
[SourceTitle "CBM 103 Extra"]
[Source "ChessBase"]
[SourceDate "2005.01.01"]
[SourceVersion "1"]
[SourceVersionDate "2005.01.01"]
[SourceQuality "1"]

1. e4 e5 2. Nf3 Nc6 3. Bb5 f5 4. Nc3 fxe4 5. Nxe4 Nf6 6. Qe2 Be7 7. Nxf6+ Bxf6 8. d4 0-0 9. Bxc6 dxc6 10. dxe5 Re8 11. 0-0 Qd5 12. Rd1 Qc5 13. Be3 Rxe5 14. Nxe5 Qxe5 15. c3 Be6 16. Rd2 Bd5 17. c4 Bf7 18. Re1 Qa5 19. a3 Qa4 20. Rc1 Re8 21. Qd3 h5 22. Qf5 Re5 23. Qc8+ Kh7 24. Bd4 Qxc4 25. Bc3 Bg5 26. Rd4 Qe2 27. Rcd1 Bb3 28. Rf1 Re7 29. Qf5+ Kh6 30. h4 Bf6 31. Bd2+ 1-0